000 00311nam a22001097a 4500
040 _cSK
082 _a895
100 _aនុត​ ណារ៉ាង
245 _aទិដ្ឋភាពទូទៅនៃអក្សរសាស្រ្តខ្មែរ
260 _aCEDORECK
_bនុត
_c2003
942 _cKB
999 _c8438
_d8438